| 000 | 01124naa a22003137a 4500 | ||
|---|---|---|---|
| 001 | BR9101131 | ||
| 003 | BR-BrBNA | ||
| 005 | 20240918180643.0 | ||
| 007 | ta | ||
| 008 | 230509b bl.||||| |||| 00| 0 por d | ||
| 040 |
_aBR-BrBNA _bpor _cBiblioteca Nacional de Agricultura |
||
| 041 | _a(Pt) | ||
| 072 |
_aM12 _b8440 _bG514 |
||
| 090 | _aM12 BR9101131 | ||
| 100 | 1 | _aSilva, F.C. | |
| 100 | 1 | _aSilveira Junior, N. | |
| 100 | 1 | _aPoli, C.R. | |
| 111 | 1 |
_a2. Seminario sobre Ciencias do Mar _cFlorianopolis, SC (Brazil) _d3-4 Dec 1987 |
|
| 245 | 1 | _aIncubacao de larva por Ostrea equestris Say, 1834 nas Baias norte e sul da Ilha de Santa Catarina | |
| 260 | 3 |
_aFlorianopolis, SC (Brasil): _c1989. |
|
| 500 | _aAnais do 2. Seminario sobre Ciencias do Mar da UFSC Florianopolis, SC (Brasil): 1989. p. 140-145 (BR9101131-AM)M12 | ||
| 650 | _aOSTRA | ||
| 650 | _aLARVA | ||
| 650 | _aCAPTURA | ||
| 650 | _aSANTA CATARINA | ||
| 773 | 0 |
_tAnais do 2. Seminario sobre Ciencias do Mar da UFSC _wM12 BR9101131 _gFlorianopolis, SC (Brasil), 1989. p. 140-145 |
|
| 909 |
_a202404 _bLucia _c55 _dLucia Elande |
||
| 942 |
_cAM _2AGRIS |
||
| 999 |
_c321518 _d321518 |
||